| 000 | 00406cam a2200169ua 4500 | ||
|---|---|---|---|
| 003 | OSt | ||
| 008 | 250812b |||||||| |||| 00| 0 eng d | ||
| 041 | _aeng | ||
| 082 |
_a628.01 _bDEE/PA |
||
| 100 |
_aDeepa Narayan, . _97709 |
||
| 245 | _aParticipatory evaluation / | ||
| 250 | _a1 / | ||
| 260 |
_aWashigton : _bThe World Bank , _c1993. |
||
| 300 | _a121 ; . | ||
| 500 | _a** Reference | ||
| 942 | _cBK | ||
| 999 |
_c3230 _d3230 |
||